Makrokonstruktionen : Komplexe Adverbialstrukturen Zwischen Lokaler Emergenz und Sedimentierung Im Gesprochenen Französisch.

Die Buchreihe Linguistik - Impulse & Tendenzen (LIT) ist ein attraktives Forum für hochwertige Arbeiten zur Sprachwissenschaft - insbesondere zur germanistischen Linguistik. Sie sucht aktuelle Tendenzen aufzunehmen und widerzuspiegeln, gleichzeitig aber wegweisende Impulse für das Fach und sei...

Full description

Bibliographic Details
Main Author: Ehmer, Oliver.
Format: eBook
Language:German
Published: Berlin/Boston : Walter de Gruyter GmbH, 2022.
Edition:1st ed.
Series:Linguistik - Impulse and Tendenzen Series
Subjects:
Online Access:Click to View
LEADER 01982nam a22003733i 4500
001 EBC7090702
003 MiAaPQ
005 20231204023226.0
006 m o d |
007 cr cnu||||||||
008 231204s2022 xx o ||||0 ger d
020 |a 9783110666205  |q (electronic bk.) 
035 |a (MiAaPQ)EBC7090702 
035 |a (Au-PeEL)EBL7090702 
035 |a (OCoLC)1337159723 
040 |a MiAaPQ  |b eng  |e rda  |e pn  |c MiAaPQ  |d MiAaPQ 
100 1 |a Ehmer, Oliver. 
245 1 0 |a Makrokonstruktionen :  |b Komplexe Adverbialstrukturen Zwischen Lokaler Emergenz und Sedimentierung Im Gesprochenen Französisch. 
250 |a 1st ed. 
264 1 |a Berlin/Boston :  |b Walter de Gruyter GmbH,  |c 2022. 
264 4 |c {copy}2022. 
300 |a 1 online resource (554 pages) 
336 |a text  |b txt  |2 rdacontent 
337 |a computer  |b c  |2 rdamedia 
338 |a online resource  |b cr  |2 rdacarrier 
490 1 |a Linguistik - Impulse and Tendenzen Series ;  |v v.86 
520 |a Die Buchreihe Linguistik - Impulse & Tendenzen (LIT) ist ein attraktives Forum für hochwertige Arbeiten zur Sprachwissenschaft - insbesondere zur germanistischen Linguistik. Sie sucht aktuelle Tendenzen aufzunehmen und widerzuspiegeln, gleichzeitig aber wegweisende Impulse für das Fach und seine weitere Entwicklung zu geben. Im Fokus steht die synchrone Sprachwissenschaft mit all ihren Facetten. 
588 |a Description based on publisher supplied metadata and other sources. 
590 |a Electronic reproduction. Ann Arbor, Michigan : ProQuest Ebook Central, 2023. Available via World Wide Web. Access may be limited to ProQuest Ebook Central affiliated libraries.  
655 4 |a Electronic books. 
776 0 8 |i Print version:  |a Ehmer, Oliver  |t Makrokonstruktionen  |d Berlin/Boston : Walter de Gruyter GmbH,c2022 
797 2 |a ProQuest (Firm) 
830 0 |a Linguistik - Impulse and Tendenzen Series 
856 4 0 |u https://ebookcentral.proquest.com/lib/matrademy/detail.action?docID=7090702  |z Click to View